| 000 | 00525cam a2200205ua 4500 | ||
|---|---|---|---|
| 020 | _cRs 2.75 | ||
| 041 |
_amal _h |
||
| 082 |
_a894.812 1 _bSAN/GO |
||
| 100 | _aSandeepani, . | ||
| 245 |
_aGoshayatra: Ottan thullal / _cSandeepani. _hTextual Documents |
||
| 250 |
_a1 / _b. |
||
| 260 |
_aKozhikode : _bTouring book stall , _c1972. |
||
| 300 | _a146 ; . | ||
| 365 | _aRs 2.75 | ||
| 440 | 0 |
_aPuranakavyamala , _v _x; |
|
| 490 | 0 |
_aPuranakavyamala , _v _x; |
|
| 504 | _a | ||
| 942 | _cBK | ||
| 999 |
_c4142 _d4142 |
||